Le nouvel état industriel: essai sur le systéme économique américain

Збережено в:
Бібліографічні деталі
Автор: Galbraith, John Kenneth (Автор)
Формат: Книга
Мова:Французька
Опубліковано: París Gallimard 1970
Серія:Bibliothéque des Sciences Humaines
Предмети:
Теги: Додати тег
Немає тегів, Будьте першим, хто поставить тег для цього запису!

MARC

LEADER 00000nam a2200000 a 4500
001 UCR7513
003 CL-VaPUC
008 980515e19700000FR |||||||||||||||||fre|d
082 0 4 |a 338.881  |b GAL  |2 21 
100 |a Galbraith, John Kenneth  |e author  |9 591930 
245 1 3 |a Le nouvel état industriel: essai sur le systéme économique américain 
300 |a 416 p 
942 |c BK 
945 |d 19980515 00:00:00  |a mvenant 
260 |a París  |b Gallimard  |c 1970 
650 0 |a Industrias   |9 263688 
650 0 |a Industrialización  |9 263687 
650 0 |a Desarrollo industrial  |9 322675 
650 7 |a SISTEMA PRODUCTIVO  |2 CL-VaPUC  |9 408800 
650 7 |a POTENCIAL INDUSTRIAL  |2 CL-VaPUC  |9 359097 
583 |a last modification  |c 19980515 00:00:00  |k Rodrigo Vera 
490 0 |a Bibliothéque des Sciences Humaines 
999 |c 269114  |d 269112 
952 |0 0  |1 0  |4 0  |6 338_881000000000000_GAL_1970  |7 0  |8 A  |9 302743  |a BIBART  |b BIBART  |d 2019-11-20  |i 3426904  |o 338.881 GAL 1970  |p 3426904  |r 2025-03-13  |w 2019-11-20  |y BK  |k ART